Cẩm nang chăm sóc da : các phương pháp chăm sóc và bảo vệ da
Sparad:
| Huvudupphovsman: | |
|---|---|
| Materialtyp: | Bok |
| Språk: | Undetermined |
| Publicerad: |
Thành phố Hồ Chí Minh
Trẻ
2006
|
| Ämnen: | |
| Taggar: |
Lägg till en tagg
Inga taggar, Lägg till första taggen!
|
| Thư viện lưu trữ: | Trung tâm Học liệu Trường Đại học Cần Thơ |
|---|
| LEADER | 00587nam a2200205Ia 4500 | ||
|---|---|---|---|
| 001 | CTU_100500 | ||
| 008 | 210402s9999 xx 000 0 und d | ||
| 020 | |c 55000 | ||
| 082 | |a 646.72 | ||
| 082 | |b Nh124 | ||
| 100 | |a Nhật Thanh | ||
| 245 | 0 | |a Cẩm nang chăm sóc da : | |
| 245 | 0 | |b các phương pháp chăm sóc và bảo vệ da | |
| 245 | 0 | |c Nhật Thanh | |
| 260 | |a Thành phố Hồ Chí Minh | ||
| 260 | |b Trẻ | ||
| 260 | |c 2006 | ||
| 650 | |a Grooming for girl | ||
| 904 | |i Hiếu | ||
| 980 | |a Trung tâm Học liệu Trường Đại học Cần Thơ | ||